LEADER 00864nam0-2200325---450- 001 990008416690403321 005 20110913151812.0 010 $a0-300-10680-7 035 $a000841669 035 $aFED01000841669 035 $a(Aleph)000841669FED01 035 $a000841669 100 $a20061110d2005----km-y0itay50------ba 101 0 $aeng 102 $aUS 105 $aa-------001yy 200 1 $aRealist vision$fPeter Brooks 210 $aNew Haven$cYale University Press$dc2005 215 $a255 p.$cill.$d25 cm 610 0 $aRealismo in letteratura 676 $a809.912 700 1$aBrooks,$bPeter$0184498 801 0$aIT$bUNINA$c20061110$gRICA$2UNIMARC 901 $aBK 912 $a990008416690403321 952 $a809.912 BRO 1$fFLFBC 952 $a809.912 BRO 1BIS$fFLFBC 959 $aFLFBC 996 $aRealist vision$9725814 997 $aUNINA LEADER 01770oam 2200469 a 450 001 9910691935603321 005 20031120124805.0 035 $a(CKB)5470000002350060 035 $a(OCoLC)52390284 035 9 $aocm52390284 035 $a(OCoLC)995470000002350060 035 $a(EXLCZ)995470000002350060 100 $a20030609d2003 ua 0 101 0 $aeng 135 $aurmn|||||| 181 $ctxt$2rdacontent 182 $cc$2rdamedia 183 $acr$2rdacarrier 200 10$aClimate change$b[electronic resource] $einformation on three air pollutants' climate effects and emissions trends : report to Congressional requesters 210 1$a[Washington, D.C.] :$cU.S. General Accounting Office,$d[2003] 300 $aTitle from title screen (viewed on June 9, 2003). 300 $a"April 2003." 300 $aPaper version available from: General Accounting Office, 441 G St., NW, Rm. LM, Washington, D.C. 20548. 300 $a"GAO-03-25." 320 $aIncludes bibliographical references. 330 $aExamines the extent of agreement among scientists regarding the effect on the climate of three air pollutants' black carbon (soot), ground-level ozone, and sulfate aerosols' and seven countries' efforts to control these pollutants. 517 $aClimate change 606 $aClimatic changes 606 $aGlobal temperature changes 606 $aGreenhouse effect, Atmospheric 606 $aGreenhouse gases 615 0$aClimatic changes. 615 0$aGlobal temperature changes. 615 0$aGreenhouse effect, Atmospheric. 615 0$aGreenhouse gases. 801 0$bCFI 801 1$bCFI 801 2$bGPO 906 $aBOOK 912 $a9910691935603321 996 $aClimate change$9250420 997 $aUNINA